El cristianismo: esencia e historia

محفوظ في:
التفاصيل البيبلوغرافية
المؤلف الرئيسي: Küng, Hans (مؤلف)
التنسيق: كتاب
اللغة:الإسبانية
منشور في: Madrid Trotta 2007
الطبعة:5a. ed
سلاسل:Colección Estructuras y Procesos. Serie Religión
الموضوعات:
الوسوم: إضافة وسم
لا توجد وسوم, كن أول من يضع وسما على هذه التسجيلة!

MARC

LEADER 00000cam a2200000 a 4500
001 UCG2324
003 CL-VaPUC
008 100708e20070000SP |||||||||||||||||spa|d
020 |a 9788481648829 
082 0 4 |a 270  |b KUN  |2 21 
100 |a Küng, Hans  |e author  |9 416134 
245 1 3 |a El cristianismo: esencia e historia 
250 |a 5a. ed 
300 |a 950 p 
942 |c BK 
945 |d 20100708 00:00:00  |a cmena 
260 |a Madrid  |b Trotta  |c 2007 
650 0 |a Historia de la iglesia   |9 257565 
650 0 |a Cristianismo  |9 257361 
650 0 |a Filosofía de la religión   |9 256017 
650 7 |a PARADIGMAS  |2 CL-VaPUC  |9 373546 
583 |a last modification  |c 20161213 11:46:14  |k Rodrigo Vera 
490 0 |a Colección Estructuras y Procesos. Serie Religión 
999 |c 341540  |d 341538 
952 |0 0  |1 0  |4 0  |6 270_000000000000000_KUN_2007  |7 0  |8 C  |9 437129  |a BIBCUR  |b BIBCUR  |d 2019-11-22  |i 467121K  |o 270 KUN 2007  |p 467121K  |r 2025-04-22  |w 2019-11-22  |y BK  |k CAC 
952 |0 0  |1 0  |3 erb  |4 0  |6 270_000000000000000_KUN_2007  |7 0  |8 A  |9 437130  |a BIBTEO  |b BIBTEO  |i 5356369  |o 270 KUN 2007  |p 5356369  |r 2025-01-17  |w 2019-11-22  |y BK  |z Catalogado en:20161216  |k ICR